| 000 | 00000nam##2200000za#4500 |
| 001 | 9.652491 |
| 003 | CaOODSP |
| 005 | 20241203113635 |
| 007 | ta |
| 008 | 150407|2012||||xxc||||| f|0| 0 eng|d |
| 020 | |a978-1-100-20180-1 |
| 040 | |aCaOODSP|beng |
| 043 | |an-cn--- |
| 086 | 1 |aCW66-305/2012E |
| 110 | 1 |aCanada. |bEnvironment Canada. |
| 245 | 14|aThe Cap Tourmente National Wildlife Area - map of hiking trails |
| 255 | |aIncludes legend. |
| 260 | |aOttawa - Ontario : |bEnvironment Canada |cc2012. |
| 300 | |aone folded sheet, printed on both sides : |bcoloured map, photographs ; |c28 cm. |
| 563 | |aPamphlet |
| 590 | |a12-15|b2012-04-13 |
| 690 | 07|aHiking|2gcpds |
| 775 | 08|tRéserve nationale de faune du cap Tourmente - carte des sentiers pédestres |w(CaOODSP)9.685445 |
| 776 | 0#|tThe Cap Tourmente National Wildlife Area - map of hiking trails |w(CaOODSP)9.695675 |